Acute toxic effects of organotin compounds on benthic organisms: Tubifex tubifex and Chironomus plumosus

Bibliographic Details
Main Authors: Fargašová, Agáta, 1950- (Author), Kizlink, Juraj (Author)
Format: Article
Language:English

MARC

LEADER 00000nab a2200000uu 4500
001 vtls011442216
003 SK-MaSNL
005 20260303123318.0
008 230213|1996 xo |||||||||||||||||eng|
015 |a SNBRB 
035 |a (urnnbn)urn:nbn:sk:snk:ar-0031x9 
035 |a (uuid)40ee03d2-af7b-4dc7-b6f9-42b6eafd5ba2 
035 |a urn:nbn:sk:snk-abcga7 
040 |a SNKBUCL  |b slo  |c SNKBUCL  |e AACR2 
041 0 |a eng 
044 |a xo  |c SK 
100 1 |a Fargašová, Agáta,  |d 1950-  |4 aut  |9 189663 
245 1 0 |a Acute toxic effects of organotin compounds on benthic organisms: Tubifex tubifex and Chironomus plumosus  |c Agáta Fargašová, Juraj Kizlink 
700 1 |a Kizlink, Juraj  |4 aut  |9 778333 
773 0 |t Biologia : journal of the Slovak Academy of Sciences  |g Roč. 51, č. 6 (1996), s. 677-681 
954 |a odborná, vedecká literatúra pôvodná (slovenská)  |2 lita 
958 |a OND 
958 |a EUIPO 
958 |a article16 
999 |c 1925102  |d 1927032